000 00821nas a2200241 i 4500
001 173053
003 ES-MaACL
005 20250217134832.0
008 091020d18101812sp | ne | ||pa d
022 _a0212-1255
080 _a(054)
080 _a34(460)
080 _a35(460)
245 0 0 _aGazeta de la Regencia de España e Indias.
260 _aCádiz :
_b[s.n.],
_c1810-1812 (
_fImprenta Real)
300 _aP. 903-910 ;
_c20 cm.
362 1 _aComenzó en 1810; cesó en 1812.
787 0 _tGaceta de Madrid (1697)
852 _aES-MaACL
_jR-3318(19)
_z.- Enc. en un vol. facticio con otras obras formando "Miscelánea patriótica"
856 _uhttp://www.boe.es/aeboe/consultas/bases_datos/gazeta.php
_zIr a la página
866 0 _oN. 95, jueves 15 de noviembre de 1810
999 _c173053
_d173053